Discours de la méthode.

Uloženo v:
Podrobná bibliografie
Hlavní autor: Descartes, René (autor)
Další autoři: Gilson, Etienne (texte et commentaire)
Médium: Kniha
Jazyk:angličtina
Vydáno: Paris, France: Librairie Philosophique J. Vrin, 1987.
Edice:Bibliothèque des textes philosophiques.
Témata:
Tagy: Přidat tag
Žádné tagy, Buďte první, kdo vytvoří štítek k tomuto záznamu!

MARC

LEADER 00000nam a22000007a 4500
003 CL-VaPUC
005 20240902144227.0
008 220805t1987 ||||| |||| 00| 0 eng d
999 |c 438044  |d 438042 
020 |a 2-7116-0180-3 
040 |c Pontificia Universidad Católica de Valparaíso 
082 |2 22  |a 141 DES 1987 
100 |a Descartes, René  |e autor  |9 265906 
245 |a Discours de la méthode.  
260 |a Paris, France:   |b Librairie Philosophique J. Vrin,   |c 1987. 
300 |a 498 páginas.  
490 |a Bibliothèque des textes philosophiques.  
500 |a c.1 Donación Familia Prof. Alejandro Guzmán Brito. 
583 |c 20220805  |k Yessy Sthefany Diaz Vidal 
600 0 |a Descartes, René  |e autor  |x Crítica e interpretación  |9 265906 
650 0 |9 255698  |a Filosofía francesa  
650 0 |9 262618  |a Métodos de investigación  
700 |9 349168  |a Gilson, Etienne   |e texte et commentaire 
942 |2 ddc  |c BK  |n 0 
952 |0 0  |1 0  |2 ddc  |4 0  |6 141_000000000000000_DES_1987  |7 0  |8 C_AGB  |9 585919  |a BIBDER  |b BIBDER  |d 2022-08-05  |e Donación   |i 5652231  |o 141 DES 1987  |p 5652231  |r 2023-01-25  |t 1  |w 2022-08-05  |y BK_US  |k AGB